Aspekty rozvoja vidieka na Slovensku

Vládne programy podporujúce regionálny rozvoj a rozvoj vidieka. Vládou SR bola v r. 1998 prijatá Koncepcia rozvoja vidieka. Pôsobenie nástrojov zameraných na regionálny rozvoj a rozvoj vidieka na Slovensku. Úloha Agentúry pre rozvoj vidieka v projektovaní a programovaní vidieka.

Guardado en:
Detalles Bibliográficos
Autor principal: Tvrdoňová, Jela
Formato: Capítulo de libro
Lenguaje:eslovaco
Materias:
Etiquetas: Agregar Etiqueta
Sin Etiquetas, Sea el primero en etiquetar este registro!

MARC

LEADER 00000naa a2200000 4500
001 r034480
005 20230922111235.9
041 0 |a slo 
044 |a CZ 
245 1 0 |a Aspekty rozvoja vidieka na Slovensku  |c J. Tvrdoňová 
520 |a Vládne programy podporujúce regionálny rozvoj a rozvoj vidieka. Vládou SR bola v r. 1998 prijatá Koncepcia rozvoja vidieka. Pôsobenie nástrojov zameraných na regionálny rozvoj a rozvoj vidieka na Slovensku. Úloha Agentúry pre rozvoj vidieka v projektovaní a programovaní vidieka. 
610 2 0 |a vidiek 
610 2 0 |a rozvoj regionálny 
610 2 0 |a programy vládne 
610 2 0 |a politika regionálna 
610 2 0 |a poľnohospodárstvo 
610 2 0 |a Slovensko 
100 1 |a Tvrdoňová, Jela